| 000 | 00531nam a2200169Ia 4500 | ||
|---|---|---|---|
| 008 | 090711s9999 xx 000 0 und d | ||
| 082 | _b211 | ||
| 100 | _aदुर्वे लालू | ||
| 245 | _aकॉल ऑफ द टायगर | ||
| 260 |
_bआरती प्रकाशन _c1997 |
||
| 300 | _a189 | ||
| 600 | _aदुर्वे लालू | ||
| 630 | _aकॉल ऑफ द टायगर | ||
| 700 | _aदुर्वे लालू | ||
| 730 | _aकॉल ऑफ द टायगर | ||
| 942 | _cBOOK | ||
| 999 |
_c323672 _d323672 |
||